00530nam a22001937a 450000500170000001000150001702000260003202000230005803500130008103700130009408200120010710000180011924500540013725000110019126000430020227000500024530000210029550000200031620140113121558.0 aENG-109079 a9781259098338c195.00 a1259098338c195.00 aEN-92612 bDBAD/PUB a005.133 aMcGrath, Mike aC programming :cby Mike McGrathbin easy steps / a4th ed aNew DelhibMcGraw Hill Educationc2013 aP-24, Green Park ExtensionbNew Delhie110016 a192p.c24cm(pbk) aIncludes index